LEADER 00864nam0-22003011i-450 001 990001809960403321 005 20190529131428.0 035 $a000180996 035 $aFED01000180996 035 $a(Aleph)000180996FED01 035 $a000180996 100 $a20021010d1981----km-y0itay50------ba 101 0 $aita 200 1 $aGhiro Glis glis Linnaeus, 1766$fDomenico Scaramella. 210 $aRoma$c...$d1981. 215 $ap. 47-51$d30 cm 300 $aEstr. da: Distribuzione e biologia di 22 specie di mammiferi in Italia, CNR, Roma, 1981 610 0 $aGhiri 676 $a599.323 3 700 1$aScaramella,$bDomenico$070371 801 0$aIT$bUNINA$gRICA$2UNIMARC 901 $aLG 912 $a990001809960403321 952 $a60 OP. 142/18$fFAGBC 959 $aFAGBC 996 $aGhiro Glis glis Linnaeus, 1766$9409744 997 $aUNINA DB $aING01 LEADER 01181nam0 22002891i 450 001 UON00129411 005 20231205102749.930 010 $a18-992941-4-7 100 $a20020107d2000 |0itac50 ba 101 $aeng 102 $aGB 105 $a|||| 1|||| 200 1 $aPerceptions of lay healers in late imperial China$fby Daria Berg 210 $aDurham$cUniversity of Durham, Department of East Asian Studies$d2000 215 $a39 p.$d21 cm 410 1$1001UON00129448$12001 $aDurham East Asian Papers$v15 606 $aLETTERATURA CINESE$xSAGGI$3UONC030694$2FI 620 $aGB$dDurham$3UONL005287 686 $aEO SERIE$cESTREMO ORIENTE - SERIE$2A 700 1$aBERG$bDaria$3UONV079619$0668198 712 $aUniversity of Durham, Department of East Asian Studies$3UONV262634$4650 801 $aIT$bSOL$c20240220$gRICA 899 $aSIBA - SISTEMA BIBLIOTECARIO DI ATENEO$2UONSI 912 $aUON00129411 950 $aSIBA - SISTEMA BIBLIOTECARIO DI ATENEO$dSI EO SERIE 1 15 $eSI SA 98216 5 15 996 $aPerceptions of lay healers in late imperial China$91319270 997 $aUNIOR